Applied numerical methods for engineers using matlab and c / (Record no. 330362)
[ view plain ]
| 000 -LEADER | |
|---|---|
| fixed length control field | 00631 a2200181 4500 |
| 020 ## - INTERNATIONAL STANDARD BOOK NUMBER | |
| International Standard Book Number | 0534370144 |
| 020 ## - INTERNATIONAL STANDARD BOOK NUMBER | |
| International Standard Book Number | 9780534370145 |
| 082 04 - DEWEY DECIMAL CLASSIFICATION NUMBER | |
| Classification number | 620.00151 |
| 090 ## - LOCALLY ASSIGNED LC-TYPE CALL NUMBER (OCLC); LOCAL CALL NUMBER (RLIN) | |
| -- | 568 |
| -- | 568 |
| 100 1# - MAIN ENTRY--PERSONAL NAME | |
| Personal name | Schilling, Robert J. |
| 245 10 - TITLE STATEMENT | |
| Title | Applied numerical methods for engineers using matlab and c / |
| Statement of responsibility, etc. | Robert J. Schilling, Sandra L Harris. |
| 250 ## - EDITION STATEMENT | |
| Edition statement | 1st ed. |
| 260 ## - PUBLICATION, DISTRIBUTION, ETC. | |
| Place of publication, distribution, etc. | [S.l.] : |
| Name of publisher, distributor, etc. | CL-Engineering, |
| Date of publication, distribution, etc. | 2000 |
| 300 ## - PHYSICAL DESCRIPTION | |
| Extent | 740 p. ; |
| Dimensions | 25 cm. |
| 700 1# - ADDED ENTRY--PERSONAL NAME | |
| Personal name | Harris, Sandra L. |
| 942 ## - ADDED ENTRY ELEMENTS (KOHA) | |
| Institution code [OBSOLETE] | SNS |
| Koha item type | Book |
| Call number prefix | 620.00151 SCH |
| Withdrawn status | Lost status | Source of classification or shelving scheme | Damaged status | Not for loan | Collection code | Permanent Location | Current Location | Shelving location | Date acquired | Total Checkouts | Full call number | Barcode | Date last seen | Price effective from | Koha item type |
|---|---|---|---|---|---|---|---|---|---|---|---|---|---|---|---|
| Institute of Environmental Science and Engineering (IESE) | Institute of Environmental Science and Engineering (IESE) | General Stacks | 06/22/2017 | 620.00151 SCH | IESE-971 | 06/22/2017 | 06/22/2017 | Book |
